Machado de Castro (Record no. 45490)
[ view plain ]
| 000 -Etiqueta do registo | |
|---|---|
| Valores | 00686cam a2200217 4500 |
| 100 ## - Dados gerais de processamento | |
| Dados gerais | 19931115d1942 m y0pory50030103ba |
| 101 0# - Língua de publicação | |
| Língua | por |
| 102 ## - País de publicação | |
| País | PT |
| 200 1# - Titulo e menção de responsabilidade | |
| Título próprio | Machado de Castro |
| Primeira menção de responsabilidade | Manuel Mendes |
| 210 #9 - Publicação | |
| Local de publicação | Lisboa |
| Nome do editor | Edições Cosmos, |
| Data de publicação | imp. 1942 |
| 215 ## - Descrição física | |
| Paginação / Volumes | 119, [9] p. |
| Outras indicações físicas | il. |
| Dimensões | 19 cm |
| 225 2# - Colecção | |
| Título próprio da colecção | Biblioteca Cosmos |
| Indicação de volume | 2 |
| Número de parte ou secção | 5.ª secção, |
| Nome de parte ou secção | Biografias |
| Indicação de volume | 13. |
| Menção de responsabilidade | Benção de Jesus Caraça |
| 317 ## - Nota de proveniência | |
| Texto da nota | Biblioteca Matilde Rosa Araújo : H.G. 42952 P. |
| 600 ## - Nome de pessoa usado como assunto | |
| Apelido | Castro, |
| Nome | Machado de |
| 675 ## - CDU | |
| Notação | 730Castro, Machado de |
| Edição | BN |
| Língua | por |
| 675 ## - CDU | |
| Notação | 929Castro, Machado de |
| Edição | BN |
| Língua | por |
| 700 #1 - Autor principal | |
| Apelido | Mendes, |
| Nome | Manuel, |
| Datas | 1906-1969 |
| 801 #0 - Fonte de origem | |
| País | PT |
| Agência | BN |
| Regras de catalogação | RPC |
| 990 ## - Elementos KOHA | |
| Tipo de documento | Livro |
| Aquisição | Empréstimo | Código de barras | Cota | Permissão de empréstimo | Tipo de documento | Nota relativa ao exemplar |
|---|---|---|---|---|---|---|
| Biblioteca Municipal de Redondo | Biblioteca Municipal de Redondo | 056200 | 929 CAS | Consulta presencial | Livro | oferta de Vergílio Ambrósio |